Fr. Conceicao Rodrigues College of Engineering

Contemporary Engineering Economics (Record no. 23985)

MARC details
000 -LEADER
fixed length control field 00352nam a2200169Ia 4500
082 ## - DEWEY DECIMAL CLASSIFICATION NUMBER
Classification number 658.5035
Item number PAR
100 ## - MAIN ENTRY--PERSONAL NAME
Personal name Park/Chan S
250 ## - EDITION STATEMENT
Edition statement 3
245 ## - TITLE STATEMENT
Title Contemporary Engineering Economics
260 ## - PUBLICATION, DISTRIBUTION, ETC.
Name of publisher, distributor, etc. prentice hall
Date of publication, distribution, etc. 2002
300 ## - PHYSICAL DESCRIPTION
Extent 920
546 ## - LANGUAGE NOTE
Language note ENGLISH
650 ## - SUBJECT ADDED ENTRY--TOPICAL TERM
Topical term or geographic name entry element Economics
654 ## - SUBJECT ADDED ENTRY--FACETED TOPICAL TERMS
Focus term economics
942 ## - ADDED ENTRY ELEMENTS (KOHA)
Koha item type BOOK
Holdings
Withdrawn status Lost status Damaged status Not for loan Collection Home library Current library Date acquired Total Checkouts Full call number Barcode Date last seen Price effective from Koha item type
        CRC Fr. Agnel's C.Rodrigues College of Engineering Fr. Agnel's C.Rodrigues College of Engineering 17/03/2023   658.5035 PAR 13615 17/03/2023 17/03/2023 BOOK